| 000 | 00500pab a2200157 454500 | ||
|---|---|---|---|
| 008 | 180718b xxu||||| |||| 00| 0 eng d | ||
| 100 | _aWood Michael | ||
| 245 | _aHuman resource strategies in the commercialisation and corporatisation of government enterprises | ||
| 362 | _a52(1) Mar 93, p.25-30 | ||
| 650 | _a Public Administration | ||
| 650 | _a Executives | ||
| 650 | _aGovernment Enterprise | ||
| 700 | _aJones Even H. | ||
| 773 | _aAustralian Journal of Public Administration | ||
| 909 | _a24903 | ||
| 999 |
_c24903 _d24903 |
||